[Event "Moscow Victory Day op"]
[Site "Moscow"]
[Date "2013.05.11"]
[Round "5"]
[White "Rusakov, Grigorij"]
[Black "Elishev, Ivan"]
[Result "0-1"]
[WhiteElo "2225"]
[BlackElo "2178"]
[PlyCount "94"]
[EventDate "2013.05.04"]
[EventType "swiss"]
[EventRounds "9"]
[EventCountry "RUS"]
[SourceTitle "CBM 154 Extra"]
[Source "ChessBase"]
[SourceDate "2013.06.25"]
[SourceVersion "2"]
[SourceVersionDate "2013.06.25"]
[SourceQuality "1"]

1. b3 e5 2. e3 g6 3. Bb2 Bg7 4. f4 d6 5. Nf3 Nf6 6. fxe5 Ng4 7. Be2 Nc6 8. 0-0 0-0 9. c4 Ngxe5 10. Nxe5 dxe5 11. Nc3 e4 12. d4 exd3 13. Bxd3 Nb4 14. Be4 f5 15. Bf3 Qd3 16. Qc1 c6 17. Rd1 Qc2 18. Rd2 Qxc1+ 19. Rxc1 Bh6 20. Kf2 Re8 21. Re1 Be6 22. Na4 Rad8 23. Red1 Rxd2+ 24. Rxd2 Bc8 25. Bd4 b6 26. a3 c5 27. Nxc5 bxc5 28. Bxc5 Na6 29. Bc6 Nxc5 30. Bxe8 Ne4+ 31. Ke2 Nxd2 32. Kxd2 Kf8 33. Bc6 Be6 34. Kd3 Ke7 35. b4 Kd6 36. Bf3 Bg7 37. a4 Be5 38. h3 Kc7 39. a5 Bd7 40. b5 Bd6 41. Kd4 Bb4 42. a6 Kd6 43. Kd3 Kc5 44. Bd5 Bxb5 45. cxb5 Kxd5 46. b6 Bc5 47. bxa7 Bxa7 0-1